Score 0/26 Timer 04:00
0 Plays Today
Movie Title Missing Word % Correct
When ____ Met Sally...Harry
97.9%
Beverly Hills ____Cop
97.6%
Some Like It ____Hot
97.3%
There's ____ About MarySomething
96.9%
The Seven ____ ItchYear
95.9%
It's a Mad Mad Mad Mad ____World
95.8%
A ____ Called WandaFish
95.7%
The ____ ProfessorNutty
95.2%
____ SaddlesBlazing
94.9%
Good Morning, ____Vietnam
94.5%
____ HouseAnimal
93.1%
It Happened One ____Night
92.1%
____ HallAnnie
91.9%
Movie Title Missing Word % Correct
This Is ____ TapSpinal
91.5%
Take the ____ and RunMoney
89.8%
Fast Times at ____ HighRidgemont
89.8%
____ ArizonaRaising
89%
City ____Slickers
87.1%
The ____ RushGold
86.8%
Young ____Frankenstein
84.4%
____ SoupDuck
83%
Bringing Up ____Baby
81.8%
Arsenic and ____ LaceOld
81.7%
____ BenjaminPrivate
81.5%
A ____ in the DarkShot
78.3%
Born ____Yesterday
55.8%

Today's Daily Dose

Remove Ads.
Support Sporcle.
Get the best of Sporcle when you Go Orange. This ad-free experience offers more features, more stats, and more fun while also helping to support Sporcle. Thank you for becoming a member.

You're not logged in!

Compare scores with friends on all Sporcle quizzes.
OR
Log In

Show Comments

Extras

Top Quizzes Today


Score Distribution

Your Account Isn't Verified!

In order to create a playlist on Sporcle, you need to verify the email address you used during registration. Go to your Sporcle Settings to finish the process.

Report this User

Report this user for behavior that violates our Community Guidelines.

Details: